Works

Uloženo v:
Podrobná bibliografie
Hlavní autor: Casasempere, Fernando (Autor)
Médium: Kniha
Jazyk:angličtina
španělština
Vydáno: Berlín Hatje Cantz 2017
Santiago Ediciones Puro Chile 2017
Vydání:1a. ed
Témata:
Tagy: Přidat tag
Žádné tagy, Buďte první, kdo vytvoří štítek k tomuto záznamu!

MARC

LEADER 00000cam a2200000 a 4500
001 UCC5262
003 CL-VaPUC
008 180927e20170000gw |||||||||||||||||eng|d
020 |a 9783775742429 
041 0 7 |a eng  |2 CL-VaPUC 
041 0 7 |a spa  |2 CL-VaPUC 
082 0 4 |a 730.983  |b CAS  |2 21 
100 0 |a Casasempere, Fernando  |e author  |9 599557 
245 1 0 |a Works 
246 1 0 |a Obras 1991-2016 
250 |a 1a. ed 
300 |a 367 p 
942 |c BK 
945 |d 20180927 22:58:00  |a dcastane 
260 |a Berlín  |b Hatje Cantz  |c 2017 
260 |a Santiago  |b Ediciones Puro Chile  |c 2017 
650 7 |a ESCULTORES CHILENOS  |2 CL-VaPUC  |9 464635 
650 0 |a Artistas chilenos  |9 344566 
583 |a last modification  |c 20180927 22:58:00  |k Rodrigo Vera 
999 |c 372517  |d 372515 
952 |0 0  |1 0  |3 erd  |4 0  |6 730_983000000000000_CAS_2017_2017  |7 0  |8 R  |9 490194  |a BIBART  |b BIBART  |i 5504244  |o 730.983 CAS 2017 2017  |p 5504244  |r 2025-03-13  |w 2019-11-24  |y BK_R  |z Catalogado en:20180927  |k ART